00960cam a22002893a 450000100060000000300060000600500170001200800410002904000150007004200070008505000070009210000390009924500830013826000290022150600300025051600200028065300320030065300350033265300520036765300440041965300360046383000290049985600420052894200070057099900190057795200740059626345PGUSA20140828083552.0080818s2008||||xxu|||||s|||||000 1 eng d aPGUSAbeng adc 4aPZ1 aRoy, Lillian Elizabeth,d1868-193210aGirl Scouts in the Adirondacksh[electronic resource] /cLillian Elizabeth Roy bProject Gutenberg,c2008 aPublic domain in the USA. aElectronic text aNew York (State) -- Fiction aBoy Scouts -- Juvenile fiction aAdirondack Mountains (N.Y.) -- Juvenile fiction aCanoes and canoeing -- Juvenile fiction aGirl Scouts -- Juvenile fiction 0aProject Gutenbergv2634540uhttp://www.gutenberg.org/ebooks/26345 cEB c255600d255600 001040aGTBbGTBd2014-08-28l0r2014-08-28 00:00:00w2014-08-28yEB